駅名に「愛」が含まれる日本の鉄道駅 - Statistics

General Stats
  • This quiz has been taken 173 times
  • The average score is 8 of 20
Answer Stats
路線名 Answer % Correct
仙山線 愛子
74%
東海道本線 愛野
73%
島原鉄道線 愛野
73%
東海道本線 愛知御津
61%
小田急小田原線 愛甲石田
61%
石北本線 愛別
59%
リニモ 愛・地球博記念公園
53%
近江鉄道本線 愛知川
45%
石北本線 愛し野
44%
東北本線 愛宕
43%
東武野田線 愛宕
43%
愛知環状鉄道線 愛環梅坪
36%
豊橋鉄道渥美線 愛知大学前
32%
石北本線 中愛別
31%
伊予鉄横河原線 愛大医学部南口
26%
富山地方鉄道本線 愛本
19%
福井鉄道福武線 仁愛女子高校
19%
えちぜん鉄道三国芦原線 仁愛グランド前
18%
仙台市営地下鉄南北線 愛宕橋
17%
弘南鉄道大鰐線 聖愛中高前
10%
No matching quizzes found
Score Distribution
Percent of People with Each Score
Percentile by Number Answered
Your Score History
You have not taken this quiz